[Event "3rd FIDE WCCC Rapid U12 2019"]
[Site "Minsk"]
[Date "2019.08.17"]
[Round "5.5"]
[White "Strybuk, Artsiom I"]
[Black "Gavrilov, Maxim"]
[Result "1-0"]
[WhiteElo "2200"]
[BlackElo "1808"]
[Annotator "NA"]
[PlyCount "149"]
[EventDate "2019.08.16"]
[EventType "swiss"]
[EventCountry "BLR"]
[SourceTitle "playchess.com"]
[Source "ChessBase"]
[SourceQuality "1"]
[TimeControl "600+5"]

1. d4 {[%emt 0:00:00]} d5 {[%emt 0:00:00]} 2. c4 {[%emt 0:00:00]} c6 {[%emt 0:00:00]} 3. Nf3 {[%emt 0:00:01]} Nf6 {[%emt 0:00:03]} 4. e3 {[%emt 0:00:01]} e6 {[%emt 0:00:18]} 5. b3 {[%emt 0:00:01]} Nbd7 {[%emt 0:00:08]} 6. Bb2 {[%emt 0:00:03]} Be7 {[%emt 0:00:17]} 7. Bd3 {[%emt 0:00:05]} O-O {[%emt 0:00:06]} 8. O-O {[%emt 0:00:03]} b6 {[%emt 0:00:06]} 9. Nc3 {[%emt 0:00:07]} Bb7 {[%emt 0:00:03]} 10. Qc2 {[%emt 0:00:06]} h6 {[%emt 0:00:11]} 11. Rad1 {[%emt 0:01:38]} Rc8 {[%emt 0:00:10]} 12. e4 {[%emt 0:01:34]} dxe4 {[%emt 0:00:08]} 13. Nxe4 {[%emt 0:00:01]} Nxe4 {[%emt 0:01:07]} 14. Bxe4 {[%emt 0:00:01]} Nf6 {[%emt 0:00:13]} 15. Bd3 {[%emt 0:00:24]} Qc7 {[%emt 0:00:33]} 16. Rfe1 {[%emt 0:00:20]} c5 {[%emt 0:00:43]} 17. d5 {[%emt 0:00:09]} exd5 {[%emt 0:00:31]} 18. Be5 {[%emt 0:01:00]} Qc6 {[%emt 0:02:06]} 19. cxd5 {[%emt 0:01:09]} Nxd5 {[%emt 0:00:48]} 20. Bh7+ {[%emt 0:00:35]} Kh8 {[%emt 0:00:04]} 21. Be4 {[%emt 0:00:01]} Rcd8 {[%emt 0:00:42]} 22. Qb2 {[%emt 0:01:26]} Rg8 {[%emt 0:02:18]} 23. Rd2 {[%emt 0:01:50]} Qc8 {[%emt 0:00:52]} 24. Red1 {[%emt 0:00:40]} Nf6 {[%emt 0:00:20]} 25. Bxb7 {[%emt 0:00:15]} Qxb7 {[%emt 0:00:02]} 26. h3 {[%emt 0:00:10]} Rxd2 {[%emt 0:00:06]} 27. Rxd2 {[%emt 0:00:10]} Rd8 {[%emt 0:00:08]} 28. Rxd8+ {[%emt 0:00:16]} Bxd8 {[%emt 0:00:01]} 29. Qe2 {[%emt 0:00:08]} Qe4 {[%emt 0:00:11]} 30. Qd1 {[%emt 0:00:07]} Be7 {[%emt 0:00:06]} 31. Bb2 {[%emt 0:00:03]} Qd5 {[%emt 0:00:04]} 32. Qe2 {[%emt 0:00:04]} Qe6 {[%emt 0:00:03]} 33. Qa6 {[%emt 0:00:05]} Qd7 {[%emt 0:00:07]} 34. Qe2 {[%emt 0:00:08]} Qe6 {[%emt 0:00:02]} 35. Qc2 {[%emt 0:00:05]} Qe4 {[%emt 0:00:04]} 36. Qd2 {[%emt 0:00:02]} Qd5 {[%emt 0:00:03]} 37. Bxf6 {[%emt 0:00:08]} Qxd2 {[%emt 0:00:05]} 38. Bxg7+ {[%emt 0:00:01]} Kxg7 39. Nxd2 {[%emt 0:00:00]} Bf6 {[%emt 0:00:08]} 40. Kf1 {[%emt 0:00:02]} Bd4 {[%emt 0:00:02]} 41. Ke2 {[%emt 0:00:01]} Kf6 {[%emt 0:00:04]} 42. f4 {[%emt 0:00:07]} Kf5 {[%emt 0:00:11]} 43. Kf3 {[%emt 0:00:02]} b5 {[%emt 0:00:10]} 44. g4+ {[%emt 0:00:04]} Ke6 {[%emt 0:00:01]} 45. Ke4 {[%emt 0:00:01]} a5 {[%emt 0:00:07]} 46. a4 {[%emt 0:00:02]} bxa4 {[%emt 0:00:03]} 47. bxa4 {[%emt 0:00:02]} Bc3 {[%emt 0:00:05]} 48. Nc4 {[%emt 0:00:13]} Bb4 {[%emt 0:00:04]} 49. h4 {[%emt 0:00:14]} Kf6 {[%emt 0:00:06]} 50. h5 {[%emt 0:00:01]} Kg7 {[%emt 0:00:05]} 51. Nd6 {[%emt 0:00:16]} Bd2 {[%emt 0:00:05]} 52. Nb7 {[%emt 0:00:07]} Bb4 {[%emt 0:00:09]} 53. Kd5 {[%emt 0:00:04]} Bd2 {[%emt 0:00:07]} 54. Kxc5 {[%emt 0:00:05]} Bxf4 55. Nxa5 Kf6 {[%emt 0:00:05]} 56. Nc6 {[%emt 0:00:11]} Kg5 {[%emt 0:00:04]} 57. a5 {[%emt 0:00:02]} Be3+ {[%emt 0:00:07]} 58. Nd4 {[%emt 0:00:05]} Bf4 {[%emt 0:00:06]} 59. a6 {[%emt 0:00:02]} Bb8 {[%emt 0:00:02]} 60. Nc6 {[%emt 0:00:00]} Kxg4 {[%emt 0:00:11]} 61. Nxb8 {[%emt 0:00:02]} Kxh5 62. a7 Kg4 {[%emt 0:00:05]} 63. a8=Q {[%emt 0:00:01]} h5 {[%emt 0:00:00]} 64. Qg2+ {[%emt 0:00:01]} Kf5 {[%emt 0:00:02]} 65. Nc6 {[%emt 0:00:02]} h4 {[%emt 0:00:02]} 66. Qh3+ {[%emt 0:00:01]} Kg5 {[%emt 0:00:01]} 67. Ne5 {[%emt 0:00:00]} f5 {[%emt 0:00:01]} 68. Nf3+ {[%emt 0:00:01]} Kg6 {[%emt 0:00:03]} 69. Nxh4+ {[%emt 0:00:01]} Kg5 {[%emt 0:00:00]} 70. Nxf5 {[%emt 0:00:02]} Kf4 {[%emt 0:00:02]} 71. Kd5 {[%emt 0:00:01]} Kg5 {[%emt 0:00:01]} 72. Ke5 {[%emt 0:00:01]} Kg6 {[%emt 0:00:02]} 73. Qh6+ {[%emt 0:00:01]} Kf7 {[%emt 0:00:01]} 74. Qg7+ {[%emt 0:00:00]} Ke8 {[%emt 0:00:00]} 75. Qe7# {[%emt 0:00:01]} 1-0

[Event "3rd FIDE WCCC Rapid U12 2019"]
[Site "Minsk"]
[Date "2019.08.17"]
[Round "5.6"]
[White "Mochalov, Dmitriy"]
[Black "Kurchenko, Egor"]
[Result "1-0"]
[WhiteElo "1852"]
[BlackElo "1850"]
[Annotator "NA"]
[PlyCount "99"]
[EventDate "2019.08.16"]
[EventType "swiss"]
[EventCountry "BLR"]
[SourceTitle "playchess.com"]
[Source "ChessBase"]
[SourceQuality "1"]
[TimeControl "600+5"]

1. e4 {[%emt 0:00:00]} e5 {[%emt 0:00:00]} 2. Nf3 {[%emt 0:00:03]} Nc6 {[%emt 0:00:00]} 3. Bb5 {[%emt 0:00:09]} Nf6 {[%emt 0:00:01]} 4. O-O {[%emt 0:00:10]} Nxe4 {[%emt 0:00:14]} 5. d4 {[%emt 0:00:13]} Nd6 {[%emt 0:00:05]} 6. Bxc6 {[%emt 0:00:08]} dxc6 {[%emt 0:00:02]} 7. dxe5 {[%emt 0:00:09]} Nf5 {[%emt 0:00:01]} 8. Qxd8+ Kxd8 {[%emt 0:00:02]} 9. c4 {[%emt 0:01:20]} Ke8 {[%emt 0:00:58]} 10. b3 {[%emt 0:00:12]} Be7 {[%emt 0:00:22]} 11. Bb2 {[%emt 0:00:04]} Be6 {[%emt 0:00:07]} 12. Nc3 {[%emt 0:00:06]} h5 {[%emt 0:02:21]} 13. Ne4 {[%emt 0:00:20]} Rh6 {[%emt 0:01:37]} 14. Kh1 {[%emt 0:00:40]} Rd8 {[%emt 0:00:21]} 15. Rad1 {[%emt 0:00:05]} Rxd1 {[%emt 0:00:07]} 16. Rxd1 {[%emt 0:00:01]} Rg6 {[%emt 0:00:47]} 17. h3 {[%emt 0:00:15]} Nh4 {[%emt 0:00:28]} 18. Nxh4 {[%emt 0:00:06]} Bxh4 {[%emt 0:00:01]} 19. Bd4 {[%emt 0:00:27]} b6 {[%emt 0:00:44]} 20. Kh2 {[%emt 0:01:29]} Be7 {[%emt 0:00:50]} 21. Be3 {[%emt 0:00:12]} f6 {[%emt 0:00:40]} 22. exf6 gxf6 {[%emt 0:00:01]} 23. Bf4 {[%emt 0:01:29]} f5 {[%emt 0:00:25]} 24. Nc3 {[%emt 0:00:18]} Bf6 {[%emt 0:00:08]} 25. Ne2 {[%emt 0:00:03]} Rg7 {[%emt 0:00:07]} 26. Rd3 {[%emt 0:00:48]} Rd7 {[%emt 0:00:28]} 27. Nc1 {[%emt 0:00:13]} Rxd3 28. Nxd3 {[%emt 0:00:01]} Kd7 {[%emt 0:00:23]} 29. Be5 {[%emt 0:00:09]} Bg5 {[%emt 0:00:35]} 30. f4 {[%emt 0:01:00]} Be7 {[%emt 0:00:05]} 31. Kg3 {[%emt 0:00:06]} h4+ {[%emt 0:00:13]} 32. Kf3 {[%emt 0:00:00]} Bf7 {[%emt 0:00:02]} 33. Ke3 {[%emt 0:00:37]} b5 {[%emt 0:00:20]} 34. Kd4 {[%emt 0:00:33]} bxc4 35. bxc4 {[%emt 0:00:01]} Be6 {[%emt 0:00:10]} 36. a4 {[%emt 0:00:08]} Bd6 {[%emt 0:00:03]} 37. a5 {[%emt 0:00:13]} Bxe5+ {[%emt 0:00:03]} 38. Nxe5+ {[%emt 0:00:09]} Kc8 {[%emt 0:00:09]} 39. a6 {[%emt 0:00:08]} c5+ {[%emt 0:00:06]} 40. Kxc5 {[%emt 0:00:04]} Bg8 {[%emt 0:00:03]} 41. Nf3 {[%emt 0:00:03]} Kd7 {[%emt 0:00:03]} 42. Nxh4 {[%emt 0:00:02]} Be6 {[%emt 0:00:03]} 43. Nf3 {[%emt 0:00:02]} Ke7 {[%emt 0:00:05]} 44. Ne5 {[%emt 0:00:03]} Kd8 {[%emt 0:00:03]} 45. Nc6+ {[%emt 0:00:01]} Kd7 {[%emt 0:00:02]} 46. Nxa7 {[%emt 0:00:03]} Bf7 {[%emt 0:00:06]} 47. Nc6 {[%emt 0:00:03]} Kc8 {[%emt 0:00:03]} 48. g4 {[%emt 0:00:06]} Be6 {[%emt 0:00:04]} 49. gxf5 {[%emt 0:00:02]} Bxf5 {[%emt 0:00:02]} 50. Ne7+ {[%emt 0:00:00]} 1-0

[Event "3rd FIDE WCCC Rapid U12 2019"]
[Site "Minsk"]
[Date "2019.08.17"]
[Round "6.1"]
[White "Ponomarev, Vsevolod"]
[Black "Cherniaiev, Tykhon"]
[Result "0-1"]
[WhiteElo "1980"]
[BlackElo "2112"]
[Annotator "ChessBase"]
[PlyCount "74"]
[EventDate "2019.08.16"]
[EventType "swiss"]
[EventCountry "BLR"]
[SourceTitle "playchess.com"]
[Source "ChessBase"]
[SourceQuality "1"]
[TimeControl "600+5"]

1. e4 {[%emt 0:00:00]} e5 {[%emt 0:00:00]} 2. Nf3 {[%emt 0:00:00]} Nc6 {[%emt 0:00:00]} 3. Nc3 {[%emt 0:00:00]} Nf6 {[%emt 0:01:28]} 4. d4 {[%emt 0:00:00]} exd4 {[%emt 0:00:20]} 5. Nxd4 {[%emt 0:00:01]} d6 {[%emt 0:00:07]} 6. f3 {[%emt 0:00:27]} g6 {[%emt 0:00:16]} 7. Be3 {[%emt 0:00:22]} Bg7 {[%emt 0:00:05]} 8. Qd2 {[%emt 0:00:22]} O-O {[%emt 0:00:09]} 9. g4 {[%emt 0:00:22]} Ne5 {[%emt 0:00:39]} 10. Be2 {[%emt 0:01:03]} d5 {[%emt 0:00:43]} 11. g5 {[%emt 0:00:35]} Nh5 {[%emt 0:00:47]} 12. exd5 {[%emt 0:00:41]} Bh3 {[%emt 0:00:08]} 13. O-O-O {[%emt 0:00:25]} Re8 {[%emt 0:00:35]} 14. Rhg1 {[%emt 0:00:54]} Qe7 {[%emt 0:00:41]} 15. Bf2 {[%emt 0:00:44]} Nd7 {[%emt 0:01:17]} 16. f4 {[%emt 0:00:31]} Nc5 {[%emt 0:00:38]} 17. Bxh5 {[%emt 0:01:07]} gxh5 {[%emt 0:00:02]} 18. f5 {[%emt 0:01:11]} Ne4 {[%emt 0:00:10]} 19. Qe3 {[%emt 0:01:02]} Bg4 {[%emt 0:01:49]} 20. f6 {[%emt 0:00:40]} Qe5 {[%emt 0:00:32]} 21. Rde1 {[%emt 0:00:30]} Nxf2 {[%emt 0:00:33]} 22. Qxe5 {[%emt 0:00:15]} Rxe5 {[%emt 0:00:01]} 23. Rxe5 {[%emt 0:00:03]} Bf8 {[%emt 0:00:12]} 24. Ndb5 {[%emt 0:00:15]} c6 {[%emt 0:00:24]} 25. dxc6 {[%emt 0:00:10]} bxc6 {[%emt 0:00:01]} 26. Na3 Bd6 {[%emt 0:00:03]} 27. Ra5 {[%emt 0:00:18]} Bxh2 {[%emt 0:00:05]} 28. Re1 {[%emt 0:00:02]} Bf4+ {[%emt 0:00:14]} 29. Kb1 {[%emt 0:00:01]} h4 {[%emt 0:00:01]} 30. Ne4 {[%emt 0:00:07]} Re8 {[%emt 0:00:10]} 31. Rxa7 {[%emt 0:00:06]} Nxe4 {[%emt 0:00:10]} 32. Rxe4 {[%emt 0:00:05]} Rd8 {[%emt 0:00:01]} 33. Re1 {[%emt 0:00:09]} Bg3 {[%emt 0:00:04]} 34. Rae7 {[%emt 0:00:10]} Bxe1 35. Rxe1 {[%emt 0:00:01]} Rd1+ {[%emt 0:00:06]} 36. Rxd1 {[%emt 0:00:01]} Bxd1 {[%emt 0:00:01]} 37. Kc1 {[%emt 0:00:07]} h3 {[%emt 0:00:02]} 0-1

[Event "3rd FIDE WCCC Rapid U12 2019"]
[Site "Minsk"]
[Date "2019.08.17"]
[Round "6.2"]
[White "Khubukshanov, Erdem"]
[Black "Strybuk, Artsiom I"]
[Result "0-1"]
[WhiteElo "2257"]
[BlackElo "2200"]
[Annotator "ChessBase"]
[PlyCount "70"]
[EventDate "2019.08.16"]
[EventType "swiss"]
[EventCountry "BLR"]
[SourceTitle "playchess.com"]
[Source "ChessBase"]
[SourceQuality "1"]
[TimeControl "600+5"]

1. e4 {[%emt 0:00:00]} e5 {[%emt 0:00:00]} 2. Nf3 {[%emt 0:00:00]} Nc6 {[%emt 0:00:00]} 3. Bc4 {[%emt 0:00:00]} Bc5 {[%emt 0:00:00]} 4. O-O {[%emt 0:00:00]} Nf6 {[%emt 0:00:00]} 5. d3 {[%emt 0:00:00]} d6 {[%emt 0:00:02]} 6. a4 {[%emt 0:00:02]} O-O {[%emt 0:00:34]} 7. c3 {[%emt 0:00:03]} a5 {[%emt 0:00:02]} 8. Na3 {[%emt 0:00:06]} h6 {[%emt 0:00:11]} 9. Nc2 {[%emt 0:00:08]} Ne7 {[%emt 0:00:22]} 10. Re1 {[%emt 0:00:20]} Ng6 {[%emt 0:00:11]} 11. Ne3 {[%emt 0:00:51]} c6 {[%emt 0:00:11]} 12. Ba2 {[%emt 0:00:46]} Bb6 {[%emt 0:00:13]} 13. c4 {[%emt 0:00:30]} Nf4 {[%emt 0:01:38]} 14. g3 {[%emt 0:00:11]} Ne6 {[%emt 0:00:08]} 15. Nf5 {[%emt 0:00:04]} Nc5 {[%emt 0:00:26]} 16. Bb1 {[%emt 0:00:35]} Bxf5 {[%emt 0:00:06]} 17. exf5 {[%emt 0:00:02]} Re8 {[%emt 0:00:12]} 18. Be3 {[%emt 0:00:16]} Ng4 {[%emt 0:01:08]} 19. Kg2 {[%emt 0:02:12]} Nxe3+ {[%emt 0:00:59]} 20. Rxe3 {[%emt 0:00:02]} Qf6 {[%emt 0:00:12]} 21. Nh4 {[%emt 0:00:09]} d5 {[%emt 0:00:36]} 22. cxd5 {[%emt 0:02:32]} cxd5 {[%emt 0:00:01]} 23. Ra3 {[%emt 0:00:02]} e4 {[%emt 0:00:37]} 24. dxe4 {[%emt 0:00:03]} Nxe4 {[%emt 0:00:20]} 25. Rf3 {[%emt 0:00:27]} Nxf2 {[%emt 0:00:37]} 26. Qf1 {[%emt 0:02:40]} Ng4 {[%emt 0:00:06]} 27. Qc1 {[%emt 0:00:04]} Re2+ {[%emt 0:00:29]} 28. Kh3 {[%emt 0:00:01]} h5 {[%emt 0:00:48]} 29. Ng2 {[%emt 0:00:05]} Nf2+ {[%emt 0:00:04]} 30. Rxf2 {[%emt 0:00:03]} Rxf2 {[%emt 0:00:00]} 31. Rb3 {[%emt 0:00:04]} Re8 {[%emt 0:00:37]} 32. Nf4 {[%emt 0:00:03]} Qg5 {[%emt 0:00:26]} 33. Qd1 {[%emt 0:00:00]} Bc7 {[%emt 0:00:28]} 34. Nxd5 {[%emt 0:00:18]} Bb8 {[%emt 0:00:02]} 35. Rxb7 {[%emt 0:00:05]} Rxh2+ {[%emt 0:00:05]} 0-1

[Event "3rd FIDE WCCC Rapid U12 2019"]
[Site "Minsk"]
[Date "2019.08.17"]
[Round "6.3"]
[White "Mochalov, Dmitriy"]
[Black "Chyndygyr, Tamerlan"]
[Result "1/2-1/2"]
[WhiteElo "1852"]
[BlackElo "1984"]
[Annotator "NA"]
[PlyCount "84"]
[EventDate "2019.08.16"]
[EventType "swiss"]
[EventCountry "BLR"]
[SourceTitle "playchess.com"]
[Source "ChessBase"]
[SourceQuality "1"]
[TimeControl "600+5"]

1. Nf3 {[%emt 0:00:06]} Nf6 {[%emt 0:00:00]} 2. g3 {[%emt 0:00:02]} g6 {[%emt 0:00:00]} 3. Bg2 {[%emt 0:00:02]} Bg7 {[%emt 0:00:00]} 4. O-O {[%emt 0:00:02]} O-O {[%emt 0:00:00]} 5. d3 {[%emt 0:00:02]} d6 {[%emt 0:00:02]} 6. Nbd2 {[%emt 0:00:02]} Nbd7 {[%emt 0:00:03]} 7. e4 {[%emt 0:00:02]} c5 {[%emt 0:00:02]} 8. a4 {[%emt 0:00:08]} Rb8 {[%emt 0:00:12]} 9. Nc4 {[%emt 0:00:07]} b6 {[%emt 0:00:01]} 10. Qe2 {[%emt 0:00:23]} Ng4 {[%emt 0:00:28]} 11. h3 {[%emt 0:00:05]} Nge5 {[%emt 0:00:04]} 12. Nfxe5 {[%emt 0:00:08]} Nxe5 {[%emt 0:00:01]} 13. Nxe5 Bxe5 {[%emt 0:00:02]} 14. Bh6 {[%emt 0:00:03]} Bg7 {[%emt 0:00:07]} 15. Bxg7 {[%emt 0:00:02]} Kxg7 {[%emt 0:00:01]} 16. f4 {[%emt 0:00:08]} b5 {[%emt 0:00:09]} 17. axb5 {[%emt 0:00:27]} Rxb5 {[%emt 0:00:02]} 18. b3 {[%emt 0:00:13]} a5 {[%emt 0:00:11]} 19. f5 {[%emt 0:00:10]} Qb6 {[%emt 0:00:32]} 20. Kh2 {[%emt 0:00:06]} Rb4 {[%emt 0:00:05]} 21. Qe3 {[%emt 0:00:29]} Bd7 {[%emt 0:00:37]} 22. g4 {[%emt 0:02:29]} f6 {[%emt 0:00:57]} 23. g5 {[%emt 0:01:59]} a4 {[%emt 0:00:16]} 24. bxa4 {[%emt 0:00:06]} Rxa4 25. Rxa4 {[%emt 0:00:01]} Bxa4 {[%emt 0:00:03]} 26. fxg6 {[%emt 0:00:07]} hxg6 {[%emt 0:00:02]} 27. gxf6+ {[%emt 0:00:05]} exf6 {[%emt 0:00:08]} 28. c3 {[%emt 0:00:06]} Qc7 {[%emt 0:00:21]} 29. Qg3 {[%emt 0:00:11]} Qe7 {[%emt 0:00:32]} 30. d4 cxd4 {[%emt 0:00:10]} 31. cxd4 {[%emt 0:00:11]} Rb8 {[%emt 0:00:02]} 32. Qa3 {[%emt 0:00:34]} Be8 {[%emt 0:01:10]} 33. Re1 {[%emt 0:00:36]} Qc7 {[%emt 0:00:32]} 34. Rc1 {[%emt 0:00:44]} Qb6 {[%emt 0:00:04]} 35. Qc3 {[%emt 0:00:11]} Bf7 {[%emt 0:01:00]} 36. e5 {[%emt 0:00:41]} dxe5 {[%emt 0:02:32]} 37. dxe5 {[%emt 0:00:01]} Re8 {[%emt 0:00:02]} 38. exf6+ {[%emt 0:00:07]} Qxf6 {[%emt 0:00:05]} 39. Qxf6+ {[%emt 0:00:04]} Kxf6 {[%emt 0:00:02]} 40. Rc6+ {[%emt 0:00:07]} Re6 {[%emt 0:00:06]} 41. Rxe6+ {[%emt 0:00:02]} Bxe6 {[%emt 0:00:02]} 42. Kg3 {[%emt 0:00:02]} Bxh3 {[%emt 0:00:02]} 1/2-1/2

[Event "3rd FIDE WCCC Rapid U12 2019"]
[Site "Minsk"]
[Date "2019.08.17"]
[Round "6.4"]
[White "Pidluznij, Gleb"]
[Black "Yatchenko, Leonid"]
[Result "1-0"]
[WhiteElo "1947"]
[BlackElo "1587"]
[Annotator "NA"]
[PlyCount "123"]
[EventDate "2019.08.16"]
[EventType "swiss"]
[EventCountry "BLR"]
[SourceTitle "playchess.com"]
[Source "ChessBase"]
[SourceQuality "1"]
[TimeControl "600+5"]

1. d4 {[%emt 0:00:00]} Nf6 {[%emt 0:00:00]} 2. Nf3 {[%emt 0:00:14]} c5 {[%emt 0:00:00]} 3. d5 {[%emt 0:00:36]} e6 {[%emt 0:00:02]} 4. c4 {[%emt 0:00:21]} exd5 {[%emt 0:00:03]} 5. cxd5 {[%emt 0:00:01]} d6 {[%emt 0:00:04]} 6. Nc3 {[%emt 0:00:02]} g6 {[%emt 0:00:02]} 7. g3 {[%emt 0:00:30]} Bg7 {[%emt 0:00:02]} 8. Bg2 {[%emt 0:00:01]} O-O {[%emt 0:00:03]} 9. O-O {[%emt 0:00:02]} a6 {[%emt 0:00:01]} 10. a4 {[%emt 0:00:11]} Re8 {[%emt 0:00:06]} 11. Nd2 {[%emt 0:00:15]} Nbd7 {[%emt 0:01:07]} 12. e4 {[%emt 0:01:33]} Ne5 {[%emt 0:00:52]} 13. Qc2 {[%emt 0:00:23]} Nh5 {[%emt 0:00:44]} 14. h3 {[%emt 0:01:09]} g5 {[%emt 0:01:25]} 15. Re1 {[%emt 0:01:34]} h6 {[%emt 0:00:20]} 16. Nd1 {[%emt 0:01:11]} Bd7 {[%emt 0:02:33]} 17. Ne3 {[%emt 0:00:19]} Qc7 {[%emt 0:00:03]} 18. Nf5 {[%emt 0:00:49]} Bxf5 {[%emt 0:00:39]} 19. exf5 {[%emt 0:00:02]} b5 {[%emt 0:00:32]} 20. axb5 {[%emt 0:00:09]} axb5 {[%emt 0:00:01]} 21. Rxa8 {[%emt 0:00:01]} Rxa8 {[%emt 0:00:01]} 22. Qd1 {[%emt 0:01:47]} Nf6 {[%emt 0:00:07]} 23. Nf3 {[%emt 0:00:16]} Nfd7 {[%emt 0:00:47]} 24. Qc2 {[%emt 0:00:15]} c4 {[%emt 0:00:28]} 25. Be3 {[%emt 0:00:12]} Nd3 {[%emt 0:00:08]} 26. Rb1 {[%emt 0:00:01]} N7c5 {[%emt 0:00:09]} 27. b3 {[%emt 0:00:06]} cxb3 {[%emt 0:00:05]} 28. Rxb3 {[%emt 0:00:09]} Ra1+ {[%emt 0:00:40]} 29. Rb1 {[%emt 0:00:02]} Qa5 {[%emt 0:00:05]} 30. Rxa1 {[%emt 0:00:08]} Qxa1+ {[%emt 0:00:01]} 31. Kh2 {[%emt 0:00:00]} b4 {[%emt 0:00:04]} 32. Nd2 {[%emt 0:00:06]} Bd4 {[%emt 0:00:25]} 33. Nb3 {[%emt 0:00:09]} Nxb3 {[%emt 0:00:10]} 34. Qxb3 {[%emt 0:00:05]} Bxe3 {[%emt 0:00:03]} 35. Qxd3 {[%emt 0:00:03]} Bxf2 {[%emt 0:00:07]} 36. h4 {[%emt 0:00:05]} gxh4 {[%emt 0:00:15]} 37. gxh4 {[%emt 0:00:02]} Qe5+ {[%emt 0:00:02]} 38. Kh3 {[%emt 0:00:08]} Qf4 {[%emt 0:00:30]} 39. Be4 {[%emt 0:00:10]} Qxh4+ {[%emt 0:00:04]} 40. Kg2 {[%emt 0:00:01]} Bc5 {[%emt 0:00:04]} 41. Qf3 {[%emt 0:00:08]} Qg5+ {[%emt 0:00:07]} 42. Kf1 {[%emt 0:00:02]} Qc1+ {[%emt 0:00:13]} 43. Kg2 {[%emt 0:00:01]} Qd2+ {[%emt 0:00:02]} 44. Kf1 {[%emt 0:00:04]} Qd4 {[%emt 0:00:04]} 45. Qg2+ {[%emt 0:00:04]} Qg7 {[%emt 0:00:02]} 46. Qf3 {[%emt 0:00:09]} Qg1+ {[%emt 0:00:01]} 47. Ke2 {[%emt 0:00:00]} Qh2+ {[%emt 0:00:02]} 48. Kd3 {[%emt 0:00:02]} Qb2 {[%emt 0:00:07]} 49. Qg3+ {[%emt 0:00:14]} Qg7 {[%emt 0:00:01]} 50. Qh4 {[%emt 0:00:07]} Qg5 {[%emt 0:00:20]} 51. Qh3 {[%emt 0:00:07]} Qc1 {[%emt 0:00:10]} 52. Qg4+ {[%emt 0:00:02]} Kh8 {[%emt 0:00:01]} 53. f6 {[%emt 0:00:07]} Qg5 {[%emt 0:00:05]} 54. Qc8+ {[%emt 0:00:02]} Qg8 {[%emt 0:00:00]} 55. Qf5 {[%emt 0:00:07]} b3 {[%emt 0:00:08]} 56. Kc3 {[%emt 0:00:05]} Qg3+ {[%emt 0:00:02]} 57. Kc4 {[%emt 0:00:04]} Qg8 {[%emt 0:00:13]} 58. Kxb3 {[%emt 0:00:05]} Bd4 {[%emt 0:00:06]} 59. Qh5 {[%emt 0:00:04]} Qg5 {[%emt 0:00:03]} 60. Qxf7 {[%emt 0:00:05]} Qe3+ {[%emt 0:00:01]} 61. Ka4 {[%emt 0:00:05]} Qxe4 {[%emt 0:00:10]} 62. Qg7# {[%emt 0:00:02]} 1-0